000 00469nam a2200169Ia 4500
005 20250508151224.0
008 008 250505s9999 xx 000 0 eng d
037 _aBooks to be hide in OPAC
040 _aFEDL
_beng
_cFEDL
041 _aeng
_2eng
084 _a378.541, GAU
_qFEDL
245 0 _aGauhati university calendar for 1951-52
245 0 _cUniversity of Gauhati
260 _c1952
942 _cHB
_h378.541, GAU
999 _c1328303
_d1328303